music trivia: 1975 songs and artists - Statistics

General Stats
  • This quiz has been taken 164 times
  • The average score is 9 of 15
Answer Stats
Here's a song Who performed it? % Correct
Philadelphia Freedom Elton John
90%
Rhinestone Cowboy Glen Campbell
90%
Take It to the Limit The Eagles
84%
Evil Woman Electric Light Orchestra
74%
Your the First, the Last, My Everything Barry White
64%
The Hustle Van McCoy & the Soul City Symphony
63%
Lady Marmalade LaBelle
59%
Love Will Keep Us Together The Captain and Tennille
57%
Shining Star Earth, Wind & Fire
54%
Lovin' You Minnie Riperton
54%
Why Can't We Be Friends War
52%
Pick Up the Pieces The Average White Band
48%
Jackie Blue The Ozark Mountain Daredevils
48%
Hurricane Bob Dylan
39%
This Will Be Natalie Cole
29%
No matching quizzes found
Score Distribution
Percent of People with Each Score
Percentile by Number Answered
Your Score History
You have not taken this quiz